000 00817nam a2200313 a 4500
003 AR-BaBNM
005 20251128204753.0
008 082120s2002 ||||||||||||||000 | spa||
020 _a84-307-5005-3
040 _cAR-BaBNM
100 1 _aBeltrán, Lucas
245 0 0 _aHistoria de las doctrinas económicas
250 _a5ª ed.
260 _aBarcelona
_bTeide
_c1993
300 _a422 p.
_btablas
490 0 _aAportación universitaria. Historia
500 _aIndice alfabético p. 409-417
504 _aBibliografía general p. 407
650 4 _aHISTORIA ECONOMICA
650 4 _aECONOMISTAS
650 4 _aDOCTRINAS ECONOMICAS
650 4 _aECONOMIA
650 4 _aHISTORIA
651 4 _aEspaña
651 4 _aAmérica Latina
653 _aECONOMIA POLITICA
942 _cBK
998 _cEnrique
999 _c8755
_d8755